000 00705nam a2200205 a 4500
001 000017304
005 20200929165058.0
008 100322s1953 dr 001 0 spa d
040 _aDO-SdBNP
_bspa
_cBNPHU
082 _axxxx
_bJ614m
100 1 _aJiménez, R. Emilio
_923963
245 1 0 _aM. J. Troncoso de la Concha :
_bantología /
_cR. Emilio Jiménez ; prólogo R. Emilio Jiménez.
250 _a2a. ed.
260 _aCiudad Trujillo, República Dominicana :
_bLibrería Dominicana,
_c1953.
490 1 _aNarraciones dominicana
500 _aIncluye notas al pie de las páginas
700 1 _aJiménez, R. Emilio
_epról.
_923963
830 0 _aNarraciones dominicana
_937958
910 _aEn proceso
999 _c16829
_d16829